|
|
|
|
| LEADER |
00000nam a2200000 a 4500 |
| 001 |
UCS2460 |
| 003 |
CL-VaPUC |
| 008 |
970530e19940000SP |||||||||||||||||spa|d |
| 082 |
0 |
4 |
|a 291.13
|b DIC
|2 21
|
| 245 |
1 |
0 |
|a Diccionario de la mitología mundial
|
| 300 |
|
|
|a 383 p
|
| 942 |
|
|
|c BK
|
| 945 |
|
|
|d 19970530 00:00:00
|a rleighto
|
| 260 |
|
|
|a Madrid
|b Edaf
|c 1994
|
| 650 |
|
0 |
|a Mitología
|9 255719
|
| 650 |
|
0 |
|a Diccionarios
|9 256200
|
| 583 |
|
|
|a last modification
|c 19970530 00:00:00
|k Rodrigo Vera
|
| 999 |
|
|
|c 260416
|d 260414
|
| 952 |
|
|
|0 0
|1 0
|4 0
|6 291_130000000000000_DIC_1994
|7 0
|8 X
|9 286549
|a BIBHIS
|b BIBHIS
|d 2019-11-19
|i 3486710
|o 291.13 DIC 1994
|p 3486710
|r 2024-01-30
|w 2019-11-19
|y BK_X
|k HIS
|
| 952 |
|
|
|0 0
|1 0
|4 0
|6 291_130000000000000_DIC_1994
|7 0
|8 F
|9 286550
|a BIBTEO
|b BIBTEO
|d 2019-11-19
|i 2025469
|o 291.13 DIC 1994
|p 2025469
|r 2025-01-17
|w 2019-11-19
|y BK_F
|k ICR
|